000 00409cam a2200169ua 4500
020 _c1.25
041 _amal
_h
082 _a894.812308
_bVAS/AP
100 _aVasu, K K .
245 _aApayam /
_cK K Vasu.
_hTextual Documents
260 _aKottayam :
_bSahitya Pravarthaka Co-operative Society ,
_c1966.
300 _a28 ; .
365 _a1.25
504 _a
942 _cBK
999 _c5047
_d5047